MDQL
is popping MORE tags! Check the
thread
!
Quizzes
Events
Quiz Creation
Community
Videos
Private Events
Remove Ads
Sign In
Join for FREE
Feedback
Dark Mode
Quiz Categories
Sports
Geography
Music
Movies
Television
Just For Fun
Miscellaneous
History
Literature
Language
Science
Gaming
Entertainment
Religion
Holiday
For Kids
Quiz Lab
Recent
Popular Today
Quiz Kudos Today
Editor Picks
Curator Picks
Quizzes by...
Day
Popularity
Type
Ratings
Length
Year
Community
Subscriptions
Recent Discussions
Orange Saloon
Badges
Playlists
Quests
Create
Leaderboards
Showdown
Live 5
Trivia Bingo
Activity
Puzzle Library
Sporcle Events
Private Events
Virtual Trivia
Globe League
Become a Host
Pub Owners
SporcleCon
Opinionation
Our Games
Videos
Blog
Mobile Apps
Partnerships
Remove Ads and Go Orange
Feedback
Sports
Athletes
MLB
NBA
NHL
NFL
Soccer
Sports Teams
WWE
NCAA
Football
Premier League
Basketball
Baseball
Hockey
Golf
Tennis
Cricket
Rugby
Auto Racing
Olympics
World Cup
Sports
Athletes
MLB
NBA
NHL
NFL
Soccer
Sports Teams
WWE
NCAA
Football
Premier League
Basketball
Baseball
Hockey
Golf
Tennis
Cricket
Rugby
Auto Racing
Olympics
World Cup
Random Quiz
Search Sporcle
×
Quiz Lab
Quiz Lab
Sports
City
Type in answers that appear in a list
Type in answers that appear in a list
Classic
Best Score? Go Orange.
Manchester City Numbers 12-23 Premier League Era Stats
Can you name the Manchester City Numbers 12-23 Premier League Era?
By
Randleini
15m
102 Questions
68 Plays
68 Plays
68 Plays
Comments
Comments
Give Quiz Kudos
Give Quiz Kudos
-
- Ratings
hide this ad
Replay
Link that replays current quiz
Next Quiz
Link to next quiz in quiz playlist
You Got
0%
They Got
Avg Score
26%
Avg Friend Score
Upgrade to see
Score Distribution
Jump to the score distribution portion of the page
Score
0/102
Timer
15:00
0
Plays Today
Number
Player
% Correct
20
Bernardo Silva
85.7%
21
David Silva
76.5%
16
Sergio Aguero
72.1%
18
Gareth Barry
70.6%
13
Aleksander Kolarov
70.6%
17
Kevin De Bruyne
67.9%
22
Gael Clichy
66.2%
15
Jesus Navas
65%
22
Richard Dunne
64.7%
14
Jo
64.7%
20
Eliaquim Mangala
62.5%
19
Samir Nasri
61.8%
14
Aymeric Laporte
60%
23
Marc Vivien Foe
57.4%
22
Benjamin Mendy
57.1%
19
Leroy Sane
56%
19
Joleon Lescott
54.4%
14
Javi Garcia
51.9%
13
Tommy Wright
51.5%
15
Martin Petrov
50%
14
Roque Santa Cruz
50%
13
Zack Steffen
50%
15
Sylvain Distin
48.5%
12
Stuart Taylor
48.5%
12
Nicky Weaver
47.1%
14
Gareth Taylor
45.6%
17
Martin Petrov
45.6%
16
Rodri
44.4%
14
Wilfried Bony
43.3%
18
Fabian Delph
42.9%
17
Sun Jihai
42.6%
17
Jack Rodwell
41.8%
15
Javier Garrido
41.2%
21
Ferran Torres
40%
Number
Player
% Correct
23
Paulo Wanchope
39.7%
19
Kasper Schmeichel
39.7%
20
Steve McManaman
38.2%
14
Paul Dickov
38.2%
12
Darius Vassell
38.2%
13
Willy Caballero
37.5%
19
Danny Tiatto
36.8%
20
Georgios Samaras
36.8%
16
Kasper Schmeichel
36.8%
15
Stefan Savic
36.8%
12
Scott Sinclair
34.4%
16
Vedran Corluka
33.8%
19
Martin Phillips
32.4%
14
Eyal Berkovic
32.4%
20
Owen Hargreaves
32.4%
14
Kiki Musampa
30.9%
21
Dietmar Hamann
29.4%
17
Jim Whitley
27.9%
18
Jeff Whitley
27.9%
12
Ian Brightwell
26.5%
18
David Brightwell
26.5%
17
Michael Brown
26.5%
22
Richard Edghill
25%
22
George Weah
25%
21
Steve Lomas
23.5%
20
Carlo Nash
23.5%
18
Michael Tarnat
23.5%
18
Danny Mills
23.5%
14
Kit Symons
22.1%
15
Alf-Inge Haaland
22.1%
19
Albert Riera
22.1%
18
Frank Lampard
21.9%
16
Nicky Summerbee
20.6%
19
Gelson Fernandes
20.6%
Number
Player
% Correct
12
Andrei Kanchelskis
19.1%
17
Jerome Boateng
19.1%
13
Martyn Margetson
17.6%
21
Eike Immel
17.6%
21
Darren Huckerby
17.6%
13
Christian Negouai
17.6%
15
Alan Kernaghan
16.2%
20
Lee Crooks
16.2%
16
Sylvinho
16.2%
14
Paul Lake
14.7%
19
Fitzroy Simpson
14.7%
18
Nigel Clough
14.7%
16
Nedum Onouha
14.7%
22
Greg Cunningham
14.7%
16
Peter Reid
13.2%
14
Carl Griffiths
10.3%
16
Paul Ritchie
10.3%
12
Daniel Allsopp
8.8%
16
Ilkay Gundogan
8%
21
Ronald Waterreus
7.4%
19
Karim Rekik
6.3%
17
Mike Quigley
4.4%
23
David Kerr
4.4%
20
Gary Mason
4.4%
20
Alfons Groenendijk
2.9%
20
Yasser Hussein
2.9%
16
Steve Finney
1.5%
21
Nick Fenton
1.5%
20
Felipe Caicido
1.5%
21
Vicente Matias Vuoso
0%
12
Angelino
0%
18
Stefan Ortega
0%
19
Julian Alvarez
0%
21
Sergio Gomez
0%
Quiz Playlist
Details
Report
Send in Message
Add To Playlist
Classic:
Type in answers that appear in a list
Last Updated: Jun 28, 2019
Quiz Scoreboard
CHALLENGE
Sign Up to Join the Scoreboard
Show All
Scores
Hide
Comments
May contain spoilers
Recently Published
Find the 'City' Movie
by crazypaving
Movies
60s
5x2 Blitz: Bands
by SL_Kpop136
Music
30s
Colored Red Africa Blitz
by spor1
Geography
30s
More to Explore
Quiz From the Vault
Featured Blog Post
14 Easter Pick-up Lines to Find Eggs With
hide this ad
You Might Also Like...
Tags
City Quiz
Premier League Quiz
Era
League
Manchester
Manchester City
Player
Premier
Today's Top Quizzes in Sports
Browse Sports
hide this ad
Today's Top Quizzes in City
Browse City
Top Contributed Quizzes in Sports
1
Players with Multiple 50 Home Run Seasons
2
Les entraîneurs de l'OM et du PSG au 21e siècle
3
Criteria MLB: Left Handed Sluggers
4
2022 World Cup Stars
5
Les meilleurs buteurs des matchs entre le PSG et l’OM
6
Who Hit More Homers?
7
Les joueurs passés par le PSG et l'OM
8
NBA Logic Puzzle 2.0
9
Top 10 NHL Goal Scorers of All Time
10
MLB Players with Two .350 Batting Average Seasons
Explore More
Trending Topics
Anime
Harry Potter
Kpop
Disney
NBA
Crossword
Marvel
Country
WWE
Puzzle
NFL
Pokémon
The Office
Soccer
Song
hide this ad
More By:
Randleini
Quiz
Plays
Rating
Category
Featured
Created
Cristiano Ronaldo Real Madrid Goals
9,436
4.37
Sports
Oct 4, 2012
Scored 2+ Goals in Premier League match for Liverpool
8,341
4.53
Sports
Jul 30, 2012
Six Degrees of Shaquille O'Neal
6,539
5.00
Sports
Jun 11, 2015
Liverpool FC Top 50 Transfer Fees Received
6,299
4.13
Sports
Jul 17, 2012
Top 100 Foreign Goal Scorers in Premier League History
5,462
4.86
Sports
Dec 13, 2012
Go to Creator's Profile
Score Distribution
Quiz Creator Spotlight
Randleini
Follow
Send a Message
Quizzes Created
-
Created Quiz Play Count
-
More By This Creator
Popular Quizzes Today
1
Colored Red Africa Blitz
2
Find the 'City' Movie
3
Find the US States - No Outlines Minefield
4
5x2 Blitz: Bands
5
The Countries of the World
6
Find the US States
7
US States
8
9x9 Crossword: Cartoon Network
More Sports Quizzes
Athletes by Warhol
Editor's Pick
Trending Quizzes
Colored Red Europe Blitz I
Colored Red Europe Blitz II
Colored Red Africa Blitz II
Colored Red Europe Blitz III
Colored Red Africa Blitz III
Recently Updated
How Do You Spell That?
pecheneg
Godzilla Movies
pecheneg
Grab Bag: 4-10 Letters
pecheneg
2024 March Madness Bracket
pecheneg
Famous TV Couples
Peacemaker
Champions League XIs: Real Madrid
pecheneg
Largest US Cities 1790-2010
pecheneg
Rides in Walt Disney World
pecheneg
Most Oscar Losses (Acting)
pecheneg
Beyoncé Albums
pecheneg
Trending Topics
Disney
Anime
Marvel
Harry Potter
NBA
Crossword
Kpop
The Office
Song
WWE
NFL
Puzzle
Country
Soccer
Pokémon
Your Account Isn't Verified!
In order to create a playlist on Sporcle, you need to verify the email address you used during registration. Go to your
Sporcle Settings
to finish the process.
Report this User
Report this user for behavior that violates our
Community Guidelines
.
Details:
Send Report
Go to the Sporcle.com Mobile Site →
Comments